| 000 | 00766nam a2200229 i 4500 | ||
|---|---|---|---|
| 001 | 18223 | ||
| 003 | ES-MaACL | ||
| 005 | 20230906151803.0 | ||
| 007 | t| | ||
| 008 | 010827s2001 sp ||||1| spa d | ||
| 020 | _a84-249-2267-0 | ||
| 080 | _a(038)=111'373.42=134.2 | ||
| 100 | 1 |
_aPrado, Marcial. _993614 |
|
| 245 | 1 | 0 |
_aDiccionario de falsos amigos _b: inglés-español / _cMarcial Prado. |
| 260 |
_aMadrid : _bGredos, _c[2001] |
||
| 300 |
_a510 p. ; _c25 cm. |
||
| 490 | 1 |
_aBiblioteca románica hispánica. V. Diccionarios ; _v23 |
|
| 650 | 1 | 4 |
_aLengua inglesa- _xFalsos amigos- _vDiccionarios- _xEspañol. _914275 |
| 830 | 0 |
_aBiblioteca románica hispánica. V. Diccionarios ; _v23 _9179266 |
|
| 852 |
_aES-MaACL _jL-24908 _bR.130115 |
||
| 999 |
_c18223 _d18223 |
||